000
00267nam a2200097Ia 4500
001
1042877
005
20250826232111.0
008
250824s9999 xx 000 0 und d
245
0
_a
AKILLANDIM ARTIK ŞİMDİ DAHA DELİYİM
_c
NİLGÜN BODUR
260
_b
DESTEK YAYINLARI
999
_c
1042877
_d
1042877